Insight for living. (Record no. 5756)

000 -LEADER
fixed length control field 00545nam a2200181 a 4500
001 - CONTROL NUMBER
control field :::00003498$&:&@@
003 - CONTROL NUMBER IDENTIFIER
control field OkBaRHE
005 - DATE AND TIME OF LATEST TRANSACTION
control field 20000607103306.0
008 - FIXED-LENGTH DATA ELEMENTS--GENERAL INFORMATION
fixed length control field s1977 j 000 0 eng u
040 ## - CATALOGING SOURCE
Transcribing agency
100 1# - MAIN ENTRY--PERSONAL NAME
Personal name Swindoll, Charles R.
245 10 - TITLE STATEMENT
Title Insight for living.
260 ## - PUBLICATION, DISTRIBUTION, ETC. (IMPRINT)
Place of publication, distribution, etc Fullerton, CA., :
Name of publisher, distributor, etc Charles R. Swindoll
Date of publication, distribution, etc c1977
300 ## - PHYSICAL DESCRIPTION
Extent 36 p. ;
Dimensions 20 cm.
650 ## - SUBJECT ADDED ENTRY--TOPICAL TERM
Topical term or geographic name as entry element Bible New Testament I Corinthians
942 ## - ADDED ENTRY ELEMENTS (KOHA)
Source of classification or shelving scheme
Koha item type Books
Copies
Koha item type Lost status Permanent Location Copy number Barcode Shelving location Damaged status Not for loan Price effective from Date last seen Withdrawn status Full call number Date acquired Source of classification or shelving scheme
Books RHEMA Bible Training College13498General Stacks  2010-04-142018-04-03 BS 2675 .S92010-04-14